Pursuit of equality in Indian history (Record no. 1454169)

MARC details
000 -LEADER
fixed length control field 00576nam a2200205Ia 4500
005 - DATE AND TIME OF LATEST TRANSACTION
control field 20250923145653.0
008 - FIXED-LENGTH DATA ELEMENTS--GENERAL INFORMATION
fixed length control field 008 250917s9999 xx 000 0 eng d
037 ## - SOURCE OF ACQUISITION
Stock number Textual
040 ## - CATALOGING SOURCE
Original cataloging agency DSWL
Language of cataloging eng
Transcribing agency DSWL
041 ## - LANGUAGE CODE
Language code of text/sound track or separate title eng
Source of code eng
084 ## - COLON CLASSIFICATION NUMBER
Classification number V2:58(Q), N85
Assigning agency DSWL
100 ## - MAIN ENTRY--PERSONAL NAME
Personal name Kamble, J.R.
9 (RLIN) 837767
245 #0 - TITLE STATEMENT
Title Pursuit of equality in Indian history
Statement of responsibility, etc. by J.R.Kamble
260 ## - PUBLICATION, DISTRIBUTION, ETC.
Place of publication, distribution, etc. New Delhi
Name of publisher, distributor, etc. Delhi National
Date of publication, distribution, etc. 1985
300 ## - PHYSICAL DESCRIPTION
Extent xi,414 p.
365 ## - TRADE PRICE
Price type code INR
Price amount 180
925 ## -
-- 180
942 ## - ADDED ENTRY ELEMENTS (KOHA)
Koha item type Textual
Classification part V2:58(Q), N85
Holdings
Withdrawn status Lost status Damaged status Not for loan Home library Current library Date acquired Source of acquisition Inventory number Total Checkouts Full call number Barcode Date last seen Price effective from Koha item type
        Department of Social Work Library Department of Social Work Library 2025-09-23 Sundaram 188 22/01/1985   V2:58(Q), N85 SW0021839 2025-09-23 2025-09-23 Textual
Copyright @ Delhi University Library System